MDQL
is popping MORE tags! Check the
thread
!
Quizzes
Events
Quiz Creation
Community
Videos
Private Events
Remove Ads
Sign In
Join for FREE
Feedback
Dark Mode
Quiz Categories
Sports
Geography
Music
Movies
Television
Just For Fun
Miscellaneous
History
Literature
Language
Science
Gaming
Entertainment
Religion
Holiday
For Kids
Quiz Lab
Recent
Popular Today
Quiz Kudos Today
Editor Picks
Curator Picks
Quizzes by...
Day
Popularity
Type
Ratings
Length
Year
Community
Subscriptions
Recent Discussions
Orange Saloon
Badges
Playlists
Quests
Create
Leaderboards
Showdown
Live 5
Trivia Bingo
Activity
Puzzle Library
Sporcle Events
Private Events
Virtual Trivia
Globe League
Become a Host
Pub Owners
SporcleCon
Opinionation
Our Games
Videos
Blog
Mobile Apps
Partnerships
Remove Ads and Go Orange
Feedback
Sports
Athletes
MLB
NBA
NHL
NFL
Soccer
Sports Teams
WWE
NCAA
Football
Premier League
Basketball
Baseball
Hockey
Golf
Tennis
Cricket
Rugby
Auto Racing
Olympics
World Cup
Sports
Athletes
MLB
NBA
NHL
NFL
Soccer
Sports Teams
WWE
NCAA
Football
Premier League
Basketball
Baseball
Hockey
Golf
Tennis
Cricket
Rugby
Auto Racing
Olympics
World Cup
Random Quiz
Search Sporcle
×
Quiz Lab
Quiz Lab
Sports
Hockey
Type in answers that appear in a list
Type in answers that appear in a list
Classic
Best Score? Go Orange.
2010 Russian Olympic Hockey Roster Stats
Can you name the 2010 Russian Olympic Hockey Roster?
By
letsgoflyers
5m
23 Questions
347 Plays
347 Plays
347 Plays
Comments
Comments
Give Quiz Kudos
Give Quiz Kudos
-
- Ratings
hide this ad
Replay
Link that replays current quiz
Next Quiz
Link to next quiz in quiz playlist
You Got
0%
They Got
Avg Score
58%
Avg Friend Score
Upgrade to see
Score Distribution
Jump to the score distribution portion of the page
Score
0/23
Timer
05:00
0
Plays Today
Position
Player
% Correct
Forward
Alex Ovechkin
97.7%
Forward
Evgeni Malkin
95.1%
Goalie
Evgeni Nabokov
94.5%
Forward
Ilya Kovalchuk
92.8%
Forward
Alexander Semin
89.6%
Forward
Pavel Datsyuk
88.5%
Defense
Sergei Gonchar
88.2%
Goalie
Ilya Bryzgalov
86.7%
Goalie
Semyon Varlamov
84.1%
Defense
Andrei Markov
77.8%
Forward
Sergei Fedorov
66.3%
Forward
Alexander Radulov
58.2%
Position
Player
% Correct
Forward
Viktor Kozlov
56.2%
Forward
Alexei Morozov
49.6%
Defense
Fedor Tyutin
47.6%
Defense
Anton Volchenkov
45%
Forward
Maxim Afinogenov
33.4%
Defense
Denis Grebeshkov
30%
Defense
Ilya Nikulin
15.9%
Forward
Danis Zaripov
14.1%
Defense
Dmitry Kalinin
12.7%
Forward
Sergei Zinoviev
10.7%
Defense
Konstantin Korneyev
6.1%
Quiz Playlist
Details
Report
Send in Message
Add To Playlist
Classic:
Type in answers that appear in a list
Last Updated: Feb 16, 2017
Quiz Scoreboard
CHALLENGE
Sign Up to Join the Scoreboard
Show All
Scores
Hide
Comments
May contain spoilers
Recently Published
1-10 Letter E Words III
by El_Dandy
Language
2m
Street Fighter Characters
by Artimus82
Gaming
60s
College Basketball Coaching Resumes
by pancakes188
Sports
9m
More to Explore
Quiz From the Vault
Featured Blog Post
Where Did the Easter Bunny Come From?
hide this ad
You Might Also Like...
Tags
Football Quiz
Hockey Quiz
NHL Quiz
Olympics Quiz
2010
Player
Roster
Russia
team
Today's Top Quizzes in Sports
Browse Sports
hide this ad
Today's Top Quizzes in Hockey
Browse Hockey
Top Contributed Quizzes in Sports
1
2022 World Cup Stars
2
Les meilleurs buteurs des matchs entre le PSG et l’OM
3
FIFA Club World Cup Champions
4
Les entraîneurs de l'OM et du PSG au 21e siècle
5
Criteria MLB: Left Handed Sluggers
6
2023 MLB Unique Player Accomplishments
7
AFC Teams Reveal (Wrong Answers Minefield)
8
Players with Multiple 50 Home Run Seasons
9
5-to-1: FBS Animal Nicknames
10
5-to-1: UK Sports Teams
Explore More
Trending Topics
Anime
Kpop
Disney
Crossword
NBA
Harry Potter
Marvel
Puzzle
Soccer
NFL
Country
Pokémon
WWE
The Office
Song
hide this ad
More By:
letsgoflyers
Quiz
Plays
Rating
Category
Featured
Created
00's lyrics
2,825
2.92
Music
Jan 8, 2010
wu tang clan members
2,168
5.00
Music
Apr 4, 2010
the godfather trivia
1,001
3.67
Movies
Jan 7, 2010
80's lyrics
653
3.13
Music
Jan 8, 2010
70's lyrics
586
2.67
Music
Jan 8, 2010
Go to Creator's Profile
Score Distribution
Quiz Creator Spotlight
letsgoflyers
Follow
Send a Message
Quizzes Created
-
Created Quiz Play Count
-
More By This Creator
Popular Quizzes Today
1
Find the US States - No Outlines Minefield
2
Find the Countries of Europe - No Outlines Minefield
3
Find the US States
4
The Countries of the World
5
Risky Map Clicking: Biggest States A-Z
6
US States
7
Popular People in 1961
8
Movies - When Are They Set?
More Sports Quizzes
NBA 2010s Awards and Stats
Quiz Lab
Trending Quizzes
Risky Map Clicking: Least Populous States A-Z
1-10 Letter G Words
Countries of the World: 200 Million BC
1-10 Letter F Words
Risky Map Clicking: Next State Alphabetically
Recently Updated
Largest US Cities 1790-2010
pecheneg
Rides in Walt Disney World
pecheneg
Most Oscar Losses (Acting)
pecheneg
Beyoncé Albums
pecheneg
Leaping Animals
pecheneg
Reality TV Shows (A-Z)
bhenderson79
Rickey Henderson's Hall of Fame Teammates
pecheneg
Champions League XIs: Arsenal
pecheneg
Quick Pick: Celebrities in WWE's Hall of Fame
aduchscher
A-Z Keypad Blitz II
pecheneg
Trending Topics
Anime
Crossword
NBA
Disney
Marvel
Kpop
Harry Potter
Country
Puzzle
WWE
Song
Pokémon
The Office
NFL
Soccer
Your Account Isn't Verified!
In order to create a playlist on Sporcle, you need to verify the email address you used during registration. Go to your
Sporcle Settings
to finish the process.
Report this User
Report this user for behavior that violates our
Community Guidelines
.
Details:
Send Report
Go to the Sporcle.com Mobile Site →
Comments